The presentation of technical information ; based on four public lectures given at University College, London.

Bibliographic Details
Main Author: Kapp, Reginald O. (Reginald Otto), 1885-
Format: Book
Language:English
Published: London : Constable, [1948]
Subjects:

MARC

Tag First Indicator Second Indicator Subfields
LEADER 00000cam a2200000 4500
001 in00000024574
005 20151007062418.0
008 750814s1948 enk 00000 eng u
010 |a  49000240  
035 |a (OCoLC)01545446 
035 |9 AAD4812AM 
040 |c DZM  |d TXA  |d UtOrBLW 
049 |a TXAM  |c [378793] 
050 0 0 |a T11  |b .K3 1948 
082 0 |a 808 
092 |a 808  |b K17p 
100 1 |a Kapp, Reginald O.  |q (Reginald Otto),  |d 1885- 
245 1 4 |a The presentation of technical information ;  |b based on four public lectures given at University College, London. 
264 1 |a London :  |b Constable,  |c [1948] 
300 |a xi, 147 pages ;  |c 20 cm. 
336 |a text  |b txt  |2 rdacontent 
337 |a unmediated  |b n  |2 rdamedia 
338 |a volume  |b nc  |2 rdacarrier 
650 0 |a Technology  |x Language. 
650 0 |a Report writing. 
999 |a MARS 
999 f f |s 4a68ab00-cfcc-3792-9342-5850d14a1b56  |i 653cf61e-6ce3-31ba-9731-cb530ea8e332  |t 0 
952 f f |p ric  |a Texas A&M University  |b Rellis Campus  |c Joint Library Facility  |d Remote Storage  |t 0  |e T11 .K3 1948  |h Library of Congress classification  |i unmediated -- volume  |m A14801194223 
998 f f |a T11 .K3 1948  |t 0  |l Remote Storage